Normal view
MARC view
Entry Personal Name
001 - CONTROL NUMBER
- control field: 2603
003 - CONTROL NUMBER IDENTIFIER
- control field: BD-RjUL
005 - DATE AND TIME OF LATEST TRANSACTION
- control field: 20220420104138.0
008 - FIXED-LENGTH DATA ELEMENTS
- fixed length control field: 220420|| aca||aabn | a|a d
040 ## - CATALOGING SOURCE
- Original cataloging agency: BD-RjUL
- Transcribing agency: BD-RjUL
100 ## - HEADING--PERSONAL NAME
- Personal name: গ্রান্ট, কোলসওয়ার্দী,
- Dates associated with a name: ১৮১৩-১৮৮০ খ্রিষ্টাব্দ
- Titles and other words associated with a name: জীবনী
- Geographic subdivision:
670 ## - SOURCE DATA FOUND
- Source citation: Work cat.: (BD-RjUL)79272: আশিক, হাসান 965, কোলসওয়ার্দী গ্রান্টের চিত্রকর্মে উনিশ শতকের বাংলার সামাজিক প্রেক্ষাপট /, ২০১১